Städte an der Bundesautobahn 6 - Statistiken

Allgemein
  • Dieses Quiz wurde 48 mal gespielt
  • Das Durchschnittsergebnis liegt bei 28 aus 81
Antwortstatistiken
Bundesland # Art Ort % Korrekt
Saarland 2 - Saarbrücken
88%
Saarland 3 - Saarbrücken
88%
Saarland 4 - Saarbrücken
88%
Baden-Württemberg​ 24 - Mannheim
83%
Baden-Württemberg​ 27 Kreuz Mannheim
83%
Baden-Württemberg 28 - Mannheim
83%
Bayern 58 - Nürnberg
81%
Bayern 59 - Nürnberg
81%
Bayern 60 - Nürnberg
81%
Baden-Württemberg 36 - Heilbronn
67%
Baden-Württemberg 37 - Heilbronn
67%
Rheinland-Pfalz 14 - Kaiserslautern
64%
Rheinland-Pfalz 15 Dreieck Kaiserslautern
64%
Rheinland-Pfalz 16a/b - Kaiserslautern
64%
Baden-Württemberg 33a/b - Sinsheim
62%
Baden-Württemberg 34 - Sinsheim
62%
Bayern 65 - Amberg
55%
Bayern 66 - Amberg
55%
Bayern 67 - Amberg
55%
Bayern 52 - Ansbach
55%
Rheinland-Pfalz 23 - Ludwigshafen am Rhein
55%
Saarland 9 - Homburg
52%
Baden-Württemberg 43 - Schwäbisch Hall
48%
Baden-Württemberg 29 - Hockenheim
45%
Baden-Württemberg 30 Dreieck Hockenheim
45%
Saarland 8 Kreuz Neunkirchen
45%
Baden-Württemberg 46 - Crailsheim
43%
Bayern 48 - Crailsheim
43%
Rheinland-Pfalz 21 Kreuz Frankenthal (Pfalz)
40%
Rheinland-Pfalz 22 - Frankenthal (Pfalz)
40%
Baden-Württemberg 37 - Neckarsulm
40%
Hessen 25 Dreieck Viernheim
40%
Hessen 26 Kreuz Viernheim
40%
Baden-Württemberg 31 Kreuz Walldorf
38%
Baden-Württemberg 35 - Bad Rappenau
36%
Bayern 55 - Schwabach
36%
Bayern 56 - Schwabach
36%
Bayern 48 - Feuchtwangen
33%
Bayern 49 - Feuchtwangen
33%
Baden-Württemberg 32 - Wiesloch
33%
Baden-Württemberg 38 Kreuz Weinsberg
31%
Bayern 61 Kreuz Altdorf b.Nürnberg
29%
Bayern 62 - Altdorf b.Nürnberg
29%
Baden-Württemberg 40 - Öhringen
26%
Rheinland-Pfalz 12 Kreuz Landstuhl
24%
Bayern 57 - Roth
24%
Baden-Württemberg 28 - Schwetzingen
24%
Baden-Württemberg 29 - Schwetzingen
24%
Saarland 5 - St. Ingbert
24%
Saarland 6 - St. Ingbert
24%
Saarland 7 - St. Ingbert
24%
Rheinland-Pfalz 19 - Grünstadt
21%
Baden-Württemberg 32 - Rauenberg
21%
Baden-Württemberg 36 - Untereisesheim
21%
Rheinland-Pfalz 18 - Wattenheim
21%
Rheinland-Pfalz 11 - Bruchmühlbach-Miesau
19%
Bayern 51 - Herrieden
19%
Baden-Württemberg 39 - Bretzfeld
17%
Rheinland-Pfalz 17 - Enkenbach-Alsenborn
17%
Rheinland-Pfalz 13 - Ramstein-Miesenbach
17%
Bayern 76 - Waidhaus
17%
Bayern 64 - Sulzbach-Rosenberg
14%
Baden-Württemberg 42 - Kupferzell
10%
Bayern 73 - Vohenstrauß
10%
Bayern 74 - Vohenstrauß
10%
Bayern 50 - Aurach
7%
Baden-Württemberg 44 - Ilshofen
7%
Bayern 54 - Neuendettelsau
7%
Baden-Württemberg 41 - Neuenstein
7%
Bayern 47 - Schnelldorf
7%
Rheinland-Pfalz 10 - Waldmohr
7%
Baden-Württemberg 44 - Wolpertshausen
7%
Bayern 63 - Alfeld
5%
Bayern 72 - Leuchtenberg
5%
Bayern 75 - Pleystein
5%
Baden-Württemberg 45 - Kirchberg
2%
Bayern 62 - Leinburg
2%
Bayern 53 - Lichtenau
2%
Bayern 69 - Nabburg
2%
Bayern 68 - Schmidgaden
2%
Bayern 71 - Wernberg-Köblitz
2%
Keine übereinstimmenden Quizze gefunden
Verteilung der Resultate
Anzahl Personen mit jedem Resultat
Perzentil nach korrekt beantworteten Fragen
Ihre Resultats-Entwicklung
Sie haben dieses Quiz noch nicht gespielt